00488nam a22001457a 4500003000500000038001800005082000800023100001800031245011900049264003300168300002500201650002700226700003100253856005800284NUST aNusrat Nadeem a200 aTariq, Mariam aImpact of Rehabilitation on Recidivism among Female Prisoners in Adiala Jail: A Qualitative Study/cMariam Tariq,  aIslamabad;bS3H NUST;c2024. a130,p;bill;c30,cm. aMS-Development Studies aSupervisor: Dr. Rabia Zaid u http://10.250.8.41:8080/xmlui/handle/123456789/46406